Business Tax and Company Law Quarterly

Detalles Bibliográficos
Formato: eBook
Lenguaje:inglés
Publicado: Pretoria: Sabinet African Journals, 2010 -
Materias:
Acceso en línea:Acceso restringido

MARC

LEADER 00000nam a22000007a 4500
005 20211123211358.0
007 cr|||| ||||
008 211123c20109999za qr|w s|||| 0|||b1eng d
022 |a 2219-1585 
035 |a 33738 
040 |a vLex 
090 |c 12681  |d 12681 
245 0 0 |a Business Tax and Company Law Quarterly  |h [Recurso electrn̤ico] / 
256 |a Servicio en ln̕ea 
260 |a Pretoria:  |b Sabinet African Journals,  |c 2010 - 
300 |a 1 recurso electrn̤ico 
310 |a Trimestral 
362 |a Nð 1-1 (Mar. 2010) - 
500 |a A quarterly journal that provides invaluable, practical and highly accessible opinions on relevant issues pertaining to tax in the business environment and to company law, particularly as it impacts the conduct of business in SA. The journal is edited by three of South Africa’s leading tax and corporate consultants. 
506 1 |a Disponible solo en los productos indicados  |d vLex Global  |d vLex Global (Academic Edition, excluding Law Schools)  |d vLex Global (U.S. Academic Edition, Law Schools)  |d vLex Global (U.S. Academic Edition, excluding Law Schools)  |d vLex Global (Academic Edition, Law Schools) 
650 0 4 |a Derecho Mercantil y de la Empresa  |z Sudf̀rica 
740 0 |a vLex Revistas (Servicio en ln̕ea) 
856 4 0 |u https://app.vlex.com/#/sources/33738  |z Acceso restringido 
942 |c REV 
999 0 |a Commercial and Company Law